| 000 | 004030000a22001690004500 | ||
|---|---|---|---|
| 003 | LK-CoMWRAF | ||
| 008 | 230817t ||||| |||| 00| 0 eng d | ||
| 040 |
_aLK-CoMWRAF _dLK-CoMWRAF _eLK-CoMWRAF |
||
| 041 | _aeng | ||
| 082 |
_a300 _bHUS |
||
| 100 | _aNajmul Hussain,Noorul Ain | ||
| 245 |
_aPannpadum Penn _b |
||
| 260 |
_aSri Lanka _bSri Lanka _c1997 |
||
| 300 | _ap.78 | ||
| 650 | _aTamil | ||
| 942 | _cBK | ||
| 999 |
_c501 _d501 |
||